LEADER 01396nam 2200421 450 001 9910158653503321 005 20181114082240.0 010 $a1-4824-5637-0 035 $a(CKB)3710000001009950 035 $a(MiAaPQ)EBC5574711 035 $a(EXLCZ)993710000001009950 100 $a20181212d2017 uy 0 101 0 $aeng 135 $aurcnu|||||||| 181 $ctxt$2rdacontent 182 $cc$2rdamedia 183 $acr$2rdacarrier 200 10$a200-year-old Bowhead whales! /$fby Leonard Atlantic 210 1$aNew York, NY :$cGareth Stevens Publishing,$d2017. 215 $a1 online resource (24 pages) $cillustrations 225 1 $aWorld's longest-living animals 311 $a1-4824-5635-4 320 $aIncludes bibliographical references (page 23) and index. 327 $aBig and old -- Long bodies -- Big heads -- Breaking through -- Filter feeders -- Just how old? -- Years? -- Family life -- Keeping them safe. 410 0$aWorld's longest-living animals. 606 $aBowhead whale$vJuvenile literature 606 $aLongevity$vJuvenile literature 615 0$aBowhead whale 615 0$aLongevity 676 $a599.5/276 700 $aAtlantic$b Leonard$01248543 801 0$bMiAaPQ 801 1$bMiAaPQ 801 2$bMiAaPQ 906 $aBOOK 912 $a9910158653503321 996 $a200-year-old Bowhead whales$92894889 997 $aUNINA LEADER 00736nam0-2200265 --450 001 9910916388203321 005 20241219135733.0 010 $a8299045908 100 $a20241219d1977----kmuy0itay5050 ba 101 0 $aeng 102 $aNO 105 $aa 001yy 200 1 $aProceedings$eThe third European clay conference$eOslo 2-5 june, 1977$fI. Th. Rosenqvist editor 210 $a[S. l.]$c[s. n.]$d[1977?] 215 $a252 p.$cill.$d21 cm 610 0 $aArgilla 676 $a721.04422$v23$zita 702 1$aRosenqvist,$bI. Th. 801 0$aIT$bUNINA$gREICAT$2UNIMARC 901 $aBK 912 $a9910916388203321 952 $aA CHI 636$b15846/2024$fFAGBC 959 $aFAGBC 996 $aProceedings$957126 997 $aUNINA